000 01086cam a22003257a 4500
003 CHAP
005 20220329143017.0
008 050802d2004 us r 00110 eng d
010 _a90629
011 _a91601
020 _a0849311845
035 _a102161
040 _cCHAP
082 0 4 _a574.87
_bW4 2004
100 0 0 _aWeissensteiner, Thomas
_eed.
_9121403
245 1 0 _aPCR technology current innovations
_c/ed. by Thomas Weissensteiner, Hugh G. Griffin and Annette Griffin
250 _a2 ed.
260 _aBoca Raton, Fla. :
_bCRC Press,
_c2004
590 _aBATCH-UPD
_b10
_c20130110
_lUCH01
_h0731
590 _aBATCH-UPD
_b10
_c20130410
_lUCH01
_h0414
590 _aBATCH-UPD
_b10
_c20130914
_lUCH01
_h0943
590 _aCONVERSION
_b10
_c20130109
_lUCH01
_h1350
650 1 4 _aCitología.
_923489
650 1 4 _aPolímeros y polimerización.
_990281
700 0 _aGriffin, Annette
_eed.
_950671
700 0 _aGriffin, Hugh G.
_eed.
_950677
901 _aBK
942 _cLIBRO
949 _a574.87 W4 2004
_bBC
_cLIBRO
_d33724000975983
_eLIBRO
_gI.00224385
_h106229
_i102161
_si
_t$1.556.00
999 _c90629
_d90629